| 000 | 00525nam a2200181Ia 4500 | ||
|---|---|---|---|
| 003 | GCL | ||
| 008 | 140319s9999 xx 000 0 eng d | ||
| 040 |
_aGCL / _cGCL |
||
| 082 | 0 | 4 |
_a306.4812 _bE L |
| 100 | 1 | _aEDGINTON, CHRISTOPHER | |
| 245 | 1 | 0 |
_aLEISURE AND LIFE SATISFACTION: FOUNDATIONAL PERSPECTIVES / _cEDGINTON, CHRISTOPHER |
| 260 |
_a[S.N] : _bBROWN & BENCHMARK ، _c1995 |
||
| 300 | _a443 P | ||
| 650 | 0 | 4 | _aLEISURE INDUSTRIES |
| 650 | 0 | 4 | _aLEISURE DECISION MARKING |
| 650 | 0 | 4 | _aSATISFICATION |
| 942 |
_2ddc _cBK |
||
| 999 |
_c11754 _d11754 |
||